Statistics for Secret Bordering Country Puzzle #1

Click here to take the quiz!

General Stats

  • This quiz has been taken 498 times
  • The average score is 22 of 28

Answer Stats

Common BorderCountry% Correct
KazakhstanRussia
96%
KazakhstanChina
95%
GERMANYGERMANY
91%
GermanyFrance
88%
KAZAKHSTANKAZAKHSTAN
88%
GermanyPoland
85%
GermanySwitzerland
85%
GermanyAustria
84%
GermanyBelgium
83%
GermanyDenmark
83%
GermanyLuxembourg
82%
GermanyNetherlands
80%
KazakhstanUzbekistan
79%
GermanyCzech Republic
78%
CHADCHAD
76%
KazakhstanKyrgyzstan
76%
ChadNiger
75%
ChadSudan
75%
KazakhstanTurkmenistan
74%
ChadLibya
71%
ChadNigeria
70%
ChadCentral African Republic
68%
GreeceTurkey
68%
GREECEGREECE
67%
GreeceAlbania
61%
GreeceBulgaria
61%
GreeceMacedonia
59%
ChadCameroon
57%

Score Distribution

Percentile by Number Answered

Percent of People with Each Score

Your Score History

You have not taken this quiz